Przydomki Klubów Piłkarskich - Statystyki

Ogólne statystyki
  • Ten quiz został rozwiązany 137 razy
  • Średni wynik to 3 z 10
Statystyki odpowiedzi
Hint Odpowiedź % Poprawnych
Kanonierzy Arsenal
100%
The Toffies Everton
63%
Mewy Brighton
52%
H96 Hannover
49%
The Wolves Wolfsburg
15%
F95 Fortuna Dusseldorf
13%
Los Verdiblancos Real Betis
8%
As Aguias Benfica
2%
Kara Kartallar Besiktas
2%
The Buggies West Bromich Albion
2%
Nie znaleziono quizów pasujących do podanych kryteriów
Rozkład punktacji
Procent ludzi z każdym wynikiem
Percentyl według liczby udzielonych odpowiedzi
Twoja historia wyników
Nie rozwiązałeś tego quizu